|
|
|
|
| LEADER |
00000nab a2200000 a 4500 |
| 001 |
vtls010288565 |
| 003 |
SK-MaSNL |
| 005 |
20260303082000.0 |
| 008 |
110624c20110615xo dr| 0 0slo |
| 038 |
|
|
|a RVGKPD
|
| 040 |
|
|
|a RVGKPD
|b slo
|c RVGKPD
|e AACR2
|
| 041 |
|
|
|a slo
|
| 044 |
|
|
|a xo
|c SK
|
| 080 |
|
|
|a 556.524
|2 1997
|
| 080 |
|
|
|a 504.43
|2 1997
|
| 245 |
0 |
0 |
|a Okolo potoka vyzbierali skoro 140 vriec s odpadom
|b environmentálna akcia Združenia obcí Mikroregiónu Domica
|c [autor] (jak)
|
| 300 |
|
|
|b Fotogr.
|
| 611 |
2 |
7 |
|a Čistý potok bez hraníc
|d (2011 :
|c Kečovo, Slovensko a Jósvafő, Maďarsko)
|2 rvgkpd
|9 1086118
|
| 650 |
0 |
7 |
|a potoky
|2 snkbucl
|9 31771
|
| 651 |
|
7 |
|a Kečovo (Slovensko)
|2 rvgkpd
|9 24708
|
| 651 |
|
7 |
|a Jósvafő (Maďarsko)
|2 rvgkpd
|9 1086119
|
| 773 |
0 |
|
|t Gemerský korzár
|g Roč. XIII, č. 138 (15.6.2011), s. 2
|x 1335-7581
|
| 852 |
|
|
|a RVGKPD
|b KIS3G
|
| 856 |
4 |
1 |
|u http://korzar.sme.sk/c/5937030/v-kecovskom-potoku-vyzbierali-skoro-140-vriec-s-odpadom.html
|
| 992 |
|
|
|a RBX
|
| 999 |
|
|
|c 1786449
|d 1788379
|